El criador de gorilas
Kaydedildi:
| Yazar: | |
|---|---|
| Materyal Türü: | Kitap |
| Dil: | İspanyolca |
| Baskı/Yayın Bilgisi: |
Buenos Aires
General Fabril
1969
|
| Seri Bilgileri: | Los Libros del Mirasol
|
| Konular: | |
| Etiketler: |
Etiketle
Etiket eklenmemiş, İlk siz ekleyin!
|
MARC
| LEADER | 00000nam a2200000 a 4500 | ||
|---|---|---|---|
| 001 | UCO5475 | ||
| 003 | CL-VaPUC | ||
| 008 | 000901e19690000AG |||||||||||||||||spa|d | ||
| 082 | 0 | 4 | |a Ar863 |b ARL |2 21 |
| 100 | 0 | |a Arlt, Roberto |e author |9 376740 | |
| 245 | 1 | 3 | |a El criador de gorilas |
| 300 | |a 189 p | ||
| 942 | |c BK | ||
| 945 | |d 20000901 00:00:00 |a crobeson | ||
| 260 | |a Buenos Aires |b General Fabril |c 1969 | ||
| 650 | 0 | |a Novelas argentinas |9 267871 | |
| 650 | 0 | |a Literatura argentina |9 320596 | |
| 583 | |a last modification |c 20000901 00:00:00 |k Rodrigo Vera | ||
| 490 | 0 | |a Los Libros del Mirasol | |
| 999 | |c 291333 |d 291331 | ||
| 952 | |0 0 |1 0 |4 0 |6 AR_863_000000000000000_ARL_1969 |7 0 |8 A |9 341155 |a BIBART |b BIBART |d 2019-11-20 |i 1220756 |o Ar863 ARL 1969 |p 1220756 |r 2025-03-13 |w 2019-11-20 |y BK |k ART | ||